000 02436nam a2200541 i 4500
001 46635
003 KOSZ 005
005 20201202095639.0
008 201130s2004 pl a f 000 0 pol
015 _aUWD 2004/22577
020 _a8373510044
035 _a991025405339705066
035 _a(PL-WaBN)b16925427-48omnis_nlop
035 _ab16925427
035 _a(OCoLC)750015178
035 _a(PL)b0000001692542
035 _a(EXLNZ-48OMNIS_NETWORK)9910156438605606
040 _aWA N
_cWA N
_dKOSZ 005/RW
041 0 _apol
_beng
046 _k2004
080 _a621.791/.795
100 1 _aBurakowski, Tadeusz
_d(1934-2016)
_eAutor
245 1 0 _aRozważania o synergizmie w inżynierii powierzchni /
_cTadeusz Burakowski ; [recenzenci prof. dr hab. inż. Adam Mazurkiewicz, prof. dr hab. inż. Władysław K. Włosiński].
260 _aRadom :
_bWydawnictwo Politechniki Radomskiej,
_c2004.
300 _a377, [2] stron :
_brysunki, tabele, wykresy ;
_c25 cm.
336 _aTekst
_btxt
_2rdacontent
337 _aBez urządzenia pośredniczącego
_bn
_2rdamedia
338 _aWolumin
_bnc
_2rdacarrier
380 _aKsiążki
380 _aPublikacje naukowe
380 _aPublikacje dydaktyczne
385 _mPoziom nauczania
_aSzkoły wyższe
388 1 _a2001-
504 _aBibliografia na stronach [356]-377.
521 8 _aPraca przeznaczona jest dla tych wszystkich, którzy chcą rozszerzyć swe horyzonty naukowe - w ogólności, a dla osób zajmujących się inżynierią powierzchni - w szczególności. Może być pomocna zarówno dla pracowników naukowych i wykładowców zajmujących się inżynierią powierzchni i inżynierią materiałowa, jak również dla studentów wydziałów mechanicznych wyższych uczelni technicznych. Powinna być również przydatna dla pracowników przemysłu.
546 _aStreszczenie w języku angielskim.
650 7 _aInżynieria powierzchni
_2DBN
655 7 _aMonografia
658 _aChemia
658 _aFizyka i astronomia
658 _aInżynieria i technika
700 1 _aMazurkiewicz, Adam
_d(1952- )
_eRecenzja
700 1 _aWłosiński, Władysław
_d(1931-2018)
_eRecenzja
710 2 _aWydawnictwo Politechniki Radomskiej
_4pbl
856 _uhttp://koha.tu.koszalin.pl/cgi-bin/koha/opac-detail.pl?biblionumber=46635
_yKatalog online BPK
942 _2UKD
_cKS
999 _c46635
_d46635